Biblioteca y Centro de Documentación

Vista normal Vista MARC

Entrada Nombre corporativo

Número de registros utilizados en: 138

001 - NÚMERO DE CONTROL

  • Campo de control: 3244

003 - IDENTIFICADOR DE NÚMERO DE CONTROL

  • Campo de control: ES-MaCES

005 - FECHA Y HORA DE LA ULTIMA MODIFICACION

  • Campo de control: 19981120173000.0

008 - ELEMENTOS DE DATOS DE LONGITUD FIJA

  • Campo de longitud fija: 981120 | azznnaabn || ana d

035 ## - NÚMERO DE CONTROL DEL SISTEMA

  • Número de control del sistema: CES19980000156e

040 ## - FUENTE DE LA CATALOGACIÓN

  • Agencia original de catalogación: ES-MaCES
  • Idioma de catalogación: spa
  • Agencia de transcripción: ES-MaCES

110 1# - ENCABEZAMIENTO--NOMBRE CORPORATIVO

  • Nombre corporativo o de jurisdicción como elemento de entrada: España
  • Unidad subordinada: Ministerio de Fomento

410 1# - TRAZADO VEÁSE--NOMBRE CORPORATIVO

  • Nombre corporativo o de jurisdicción como elemento de entrada: España
  • Unidad subordinada: Ministerio de Fomento
  • Unidad subordinada: Dirección General de Programación Económica y Presupuestaria

410 1# - TRAZADO VEÁSE--NOMBRE CORPORATIVO

  • Nombre corporativo o de jurisdicción como elemento de entrada: España
  • Unidad subordinada: Ministerio de Fomento
  • Unidad subordinada: Subdirección General de Estadística y Estudios

410 1# - TRAZADO VEÁSE--NOMBRE CORPORATIVO

  • Nombre corporativo o de jurisdicción como elemento de entrada: España
  • Unidad subordinada: Ministerio de Fomento
  • Unidad subordinada: Subdirección General de Normativa y Estudios Técnicos y Análisis Económico

510 1# - TRAZADO VEÁSE ADEMÁS--NOMBRE CORPORATIVO

  • Nombre corporativo o jurisdicción como elemento de entrada: España
  • Unidad subordinada: Ministerio de Obras Públicas, Transportes y Medio Ambiente

901 ## - CES. DATOS SIRTEX

  • ID Sirtex (N5N8): 0001800000015
  • 005BIS Sirtex: 199811201730MIG
© CES, Consejo Económico y Social de España 2021